অর্থনীতিক পরিভাষাকোষ / (Record no. 3999)
[ view plain ]
| 000 -LEADER | |
|---|---|
| fixed length control field | 00715nam a2200205 a 4500 |
| 001 - CONTROL NUMBER | |
| JCCL Control Number | 3992 |
| 003 - CONTROL NUMBER IDENTIFIER | |
| JCCL marc code | BD-JhCC |
| 005 - DATE AND TIME OF LATEST TRANSACTION | |
| control field | 20171120191014.0 |
| 008 - FIXED-LENGTH DATA ELEMENTS--GENERAL INFORMATION | |
| fixed length control field | 171120s1966 bg |||| |||| 000 0 ben d |
| 035 ## - SYSTEM CONTROL NUMBER | |
| system control number | (BD-JhCC) |
| 040 ## - CATALOGING SOURCE | |
| Original cataloging agency | BD-JhCC |
| Modifying agency | BD-JhCC |
| 041 ## - LANGUAGE CODE | |
| Language code of Book | ben |
| 082 ## - DEWEY DECIMAL CLASSIFICATION NUMBER | |
| Classification number | 327.03 |
| Author mark and Year | HAQ 1968 |
| 100 ## - MAIN ENTRY--PERSONAL NAME | |
| Personal name | হক, মুহম্মদ এনামুল |
| 245 ## - TITLE STATEMENT | |
| Title | অর্থনীতিক পরিভাষাকোষ / |
| Statement of responsibility, etc | মুহম্মদ এনামুল হক |
| 260 ## - PUBLICATION, DISTRIBUTION, ETC. (IMPRINT) | |
| Place of publication, distribution, etc | ঢাকা: |
| Name of publisher, distributor, etc | কেন্দ্রীয় বাঙলা উন্নয়ন বোর্ড |
| Date of publication, distribution, etc | ১৯৬৮ |
| 300 ## - PHYSICAL DESCRIPTION | |
| Pagination | 100 p.; |
| Dimensions | 24 cm |
| 650 ## - SUBJECT ADDED ENTRY--TOPICAL TERM | |
| Topical term or geographic name as entry element | Terminology of International Relations |
| 942 ## - ADDED ENTRY ELEMENTS (KOHA) | |
| Source of classification or shelving scheme | Dewey Decimal Classification |
| Koha item type | Books |
No items available.